| 000 | 01228nam a2200313 i 4500 | ||
|---|---|---|---|
| 003 | EG-ScBUE | ||
| 005 | 20240122105449.0 | ||
| 008 | 090722s2005 ua f b 000 0 ara d | ||
| 017 | _a2005 / 7813 | ||
| 020 | _a9770912352 | ||
| 040 |
_aEG-ScBUE _bara _erda _cEG-ScBUE _dEG-ScBUE |
||
| 082 | 0 | 4 |
_a962.051 _bإ س م _222 |
| 100 | 1 |
_aإسماعيل، حمادة محمود، _eمؤلف. |
|
| 245 | 1 | 0 |
_aانتفاضة 1935: _bبين وثبة القاهرة وغضبة الأقاليم / _cد. حمادة إسماعيل. |
| 250 | _aالطبعة الأولى. | ||
| 264 | 1 |
_aالقاهرة : _bدار الشروق، _c2005. |
|
| 300 |
_a130 صفحة ؛ _c24 سم. |
||
| 336 |
_2rdacontent _aنص _btxt |
||
| 337 |
_aبدون وسيط _2rdamedia _bn |
||
| 338 |
_aمجلد _bnc _2rdacarrier |
||
| 490 | 0 |
_aسلسلة التاريخ، الجانب الآخر، إعادة قراءة للتاريخ المصرى ؛ _v5 |
|
| 504 | _aيشتمل على إرجاعات ببليوجرافية. | ||
| 590 | _aMenna elemam | ||
| 650 | _2BUEsh | ||
| 651 | 7 |
_98096 _aمصر _xتاريخ _yالعصر الحديث _yالثورة الوطنية 1935. _2BUEsh |
|
| 653 |
_bARALIT _cAugust2015 |
||
| 655 | _vReading book | ||
| 942 |
_2ddc _cBB |
||
| 999 |
_c12386 _d12386 |
||